000 00516nam a2200217Ia 4500
008 210210b1921 xxu||||| |||| 00| 0 eng d
041 _aeng
082 _a513/87
100 _aLOVE (A E H)
245 _aElements of the differential and integral calculus
260 _aCambridge
_bAt the University Press
_c1921
650 _athe
650 _aof
650 _aintegral
650 _aElements
650 _adifferential
650 _acalculus
650 _aand
690 _aCalculus
906 _a007367
999 _c139801
_d139801